Interavia ABC.
| New Title: | Interavia aerospace directory ABC |
|---|---|
| Corporate Authors: | , |
| Format: | Serial |
| Language: | English French German Spanish Italian |
| Language Notes: | Text in English, French, German, Spanish and Italian. |
| Published: |
Genève (Suisse) :
Interavia, S.A.,
1936-1983.
|
| Subjects: | |
| Online Availability: |
|
MARC
| Tag | First Indicator | Second Indicator | Subfields |
|---|---|---|---|
| LEADER | 00000cas a22000007a 4500 | ||
| 001 | in00000620521 | ||
| 005 | 20210104140643.0 | ||
| 008 | 760527d19361983sz ar r 0 a0eng d | ||
| 010 | |a sn 91026585 | ||
| 035 | |a (OCoLC)ocm02197467 | ||
| 035 | |a (OCoLC)02197467 | ||
| 035 | |9 ACS6842AM | ||
| 040 | |a YUS |b eng |c YUS |d MUL |d NYG |d DLC |d OCL |d HUL |d OCLCQ |d LGG |d UKMGB |d OCLCF |d OCLCO |d OCLCQ | ||
| 016 | 7 | |a 007520571 |2 Uk | |
| 019 | |a 709217 |a 1065229223 | ||
| 022 | |a 0074-1116 | ||
| 029 | 1 | |a AU@ |b 000000907100 | |
| 029 | 1 | |a NZ1 |b 12704223 | |
| 029 | 1 | |a NZ1 |b 3357378 | |
| 029 | 1 | |a UKMGB |b 007520571 | |
| 035 | |a (OCoLC)2197467 |z (OCoLC)709217 |z (OCoLC)1065229223 | ||
| 041 | 0 | |a eng |a fre |a ger |a spa |a ita | |
| 042 | |a msc | ||
| 050 | 0 | |a TL512 |b .I55 | |
| 082 | 0 | 4 | |a 629.13 |b I595 |
| 049 | |a TXAM | ||
| 222 | 0 | |a Interavia ABC | |
| 245 | 0 | 0 | |a Interavia ABC. |
| 264 | 1 | |a Genève (Suisse) : |b Interavia, S.A., |c 1936-1983. | |
| 300 | |a 31 volumes : |b illustrations ; |c 24-30 cm | ||
| 310 | |a Annual | ||
| 336 | |a text |b txt |2 rdacontent | ||
| 337 | |a unmediated |b n |2 rdamedia | ||
| 338 | |a volume |b nc |2 rdacarrier | ||
| 362 | 0 | |a 1st (1936)-31th [i.e. 31st] ed. (1983). | |
| 515 | |a Suspended 1940-1954. | ||
| 546 | |a Text in English, French, German, Spanish and Italian. | ||
| 550 | |a Volumes for 1955-1961 issued as the official yearbook of: Association international des constructeurs de matérial aéronautique, 1962- as: Association international des constructeurs de matériel aérospatial. | ||
| 650 | 0 | |a Aeronautics |v Directories. | |
| 650 | 0 | |a Astronautics |v Directories. | |
| 650 | 7 | |a Aeronautics. |2 fast |0 (OCoLC)fst00798293 | |
| 650 | 7 | |a Astronautics. |2 fast |0 (OCoLC)fst00819505 | |
| 655 | 7 | |a Directories. |2 fast |0 (OCoLC)fst01423796 | |
| 710 | 2 | |a Association internationale des constructeurs de matériel aérospatial. | |
| 710 | 2 | |a International Association of Aerospace Equipment Manufacturers. | |
| 785 | 0 | 0 | |t Interavia aerospace directory ABC |w (DLC) 86643915 |w (OCoLC)10907716 |
| 850 | |a MH-BA | ||
| 994 | |a C0 |b TXA | ||
| 949 | |a updated |b h |c 2021/1/4 |e coplinger |f 2:06:31 pm | ||
| 999 | f | f | |s 0ea9e147-abfb-38b2-b0c3-ff3f7d04d4dd |i c142ee15-0e8c-3cdf-9061-770e94e85c8e |t 0 |
| 952 | f | f | |p ric |a Texas A&M University |b Rellis Campus |c Joint Library Facility |d Remote Storage |t 0 |e TL512 .I55 |h Library of Congress classification |i unmediated -- volume |k 6th ed. |l 1958 |m A14842169451 |
| 952 | f | f | |p ric |a Texas A&M University |b Rellis Campus |c Joint Library Facility |d Remote Storage |t 0 |e TL512 .I55 |h Library of Congress classification |i unmediated -- volume |k 4th ed. |l 1955 |m A14842169477 |
| 952 | f | f | |p ric |a Texas A&M University |b Rellis Campus |c Joint Library Facility |d Remote Storage |t 0 |e TL512 .I55 |h Library of Congress classification |i unmediated -- volume |k 3rd ed. |l 1939 |m A14842169485 |
| 952 | f | f | |p ric |a Texas A&M University |b Rellis Campus |c Joint Library Facility |d Remote Storage |t 0 |e TL512 .I55 |h Library of Congress classification |i unmediated -- volume |k 2nd ed. |l 1937/1938 |m A14842169501 |
| 952 | f | f | |p ric |a Texas A&M University |b Rellis Campus |c Joint Library Facility |d Remote Storage |t 0 |e TL512 .I55 |h Library of Congress classification |i unmediated -- volume |l 1936 |m A14842169493 |
| 952 | f | f | |p ric |a Texas A&M University |b Rellis Campus |c Joint Library Facility |d Remote Storage |t 0 |e TL512 .I55 |h Library of Congress classification |i unmediated -- volume |k 7th ed. |l 1959 |m A14842169444 |
| 952 | f | f | |p ric |a Texas A&M University |b Rellis Campus |c Joint Library Facility |d Remote Storage |t 0 |e TL512 .I55 |h Library of Congress classification |i unmediated -- volume |k 5th ed. |l 1957 |m A14842169469 |
| 998 | f | f | |a TL512 .I55 |s 1st ed. (1936)-7th ed. (1959) |t 0 |l Remote Storage |